| 000 | 02739nam0a22003131 4500 | ||
|---|---|---|---|
| 001 | v19\rc\1347483 | ||
| 005 | 20260405195305.0 | ||
| 035 | _a(NLR Aleph) 005210199 | ||
| 090 |
_a5400376 _c5400376 |
||
| 100 | _a20060512d1861 |||y0rusy50 ca | ||
| 101 | 1 |
_arus _amul _bfre _cmul _cfre |
|
| 102 | _aRU | ||
| 105 | _ay z |||e| | ||
| 200 | 1 |
_aПереписка, на иностранных языках грузинских царей с российскими государями от 1639 г. по 1770 г. _f["Предуведомление": Броссе] |
|
| 210 |
_aСанкт-Петербург _cтип. Имп. Акад. наук _d1861 |
||
| 215 |
_a[14], XCII, 233 с. _d31 |
||
| 300 | _aВ конце посвящения: М. Броссе | ||
| 327 | 0 | _aС. I-XCI: Исторический обзор дипломатических сношений между российскими государями и грузинскими царями и владетелями, составленный на французском языке Франциском Плоеном, актуариусом при Главном архиве и переведенный на русский язык чиновниками того же архива | |
| 464 | 0 |
_12001#$aИсторический обзор дипломатических сношений между российскими государями и грузинскими царями и владетелями, составленный на французском языке Франциском Плоеном, актуариусом при Главном архиве и переведенный на русский язык чиновниками того же архива _1215##$aС. I-XCI _1700#1$aПлоен$bФ.$gФранциск$4220 _tИсторический обзор дипломатических сношений между российскими государями и грузинскими царями и владетелями, составленный на французском языке Франциском Плоеном, актуариусом при Главном архиве и переведенный на русский язык чиновниками того же архива _aПлоен, Франциск |
|
| 702 | 1 |
_4080 _8rus _7ca _aБроссе _bМ. И. _f1802-1880 _gМарий Иванович _3RU\NLR\AUTH\7786965 _969893 |
|
| 702 | 1 |
_aПлоен _bФ. _gФранциск _4220 |
|
| 801 | 0 |
_aRU _bNLR _c20060512 _gpsbo |
|
| 801 | 0 |
_aRU _bRuMoRGB _c20060512 _2psbo |
|
| 801 | 1 |
_aRU _bProSoft-M _c20060512 _2rusmarc |
|
| 801 | 2 |
_aRU _bNLR _c20100429 _2rusmarc |
|
| 852 |
_aNLR _j18.7.1.30 |
||
| 852 |
_aNLR _j134/568 |
||
| 942 | _cBOOK | ||
| 980 | _aNB | ||